Plants that start with C - Statistics

General Stats
  • This quiz has been taken 50 times
  • The average score is 12 of 20
Answer Stats
Hint Plant % Correct
Rather spiky Cactus
96%
Used to make chocolate Cacao
91%
Symbol of luck Clover
85%
Weed for cats Catnip
80%
Crescent-shaped nut Cashew
76%
Rabbits are said to like it Carrot
74%
Large brown fruit with a white seed Coconut
74%
Known for containing caffeine Coffee
74%
Large white to green melon Cantaloupe
72%
Large, often white vegetable similar to broccoli Cauliflower
72%
Dense, green or purple layered vegetable Cabbage
57%
Ornamental tree in Japan that bears small red fruits Cherry blossom
57%
Pine or juniper, for example Conifer
57%
Featured on the flag of Lebanon Cedar
54%
Red flower that symbolize strong emotions Carnation
35%
A spicy fruit Chili
33%
Usually yellow decorative flower used for tea Chrysanthemum
24%
Evergeen popular in parks and gardens Cypress
24%
Technically a type of melon Cucumber
20%
Often confused with palms Cycad
2%
No matching quizzes found
Score Distribution
Percent of People with Each Score
Percentile by Number Answered
Your Score History
You have not taken this quiz